In quale città è successo? #1 - Statistics

Statistiche generali
  • Questo quiz è stato fatto 191 volte
  • Il punteggio medio è 15 su 20
Statistiche sulle risposte
Anno Evento Città % Corretto
1961 Le autorità sovietiche iniziano la costruzione di un muro che dividerà in due questa città per quasi trent'anni Berlino
99%
44 a.C. All'interno del senato cittadino si consuma l'assassinio di Giulio Cesare Roma
98%
1789 L'insurrezione del popolo di questa grande città dà il via alla rivoluzione francese Parigi
97%
2001 Questa città viene colpita dal più grave attentato terroristico della storia New York
96%
1945 Il 6 agosto, questa città subisce il primo bombardamento atomico della storia Hiroshima
94%
1861 Il 17 marzo nel parlamento viene proclamata la nascita del Regno d'Italia Torino
94%
1896 Le prime olimpiadi moderne si tengono in questa capitale Atene
92%
0 Secondo i vangeli, Gesù nacque in questa cittadina la notte del 25 dicembre Betlemme
91%
1815 Napoleone subisce la sua ultima e fatale sconfitta presso questa cittadina belga Waterloo
88%
1914 Qui Gavrilo Princip uccide l'arciduca Francesco Ferdinando d'Asburgo, scatenando la Prima guerra mondiale Sarajevo
86%
1666 Questa capitale europea viene quasi del tutto distrutta da un grande incendio Londra
85%
1321 Dante Alighieri, esiliato da circa vent'anni dalla sua patria, muore in questa città Ravenna
76%
2019 In questa città sono registrati i primi casi di infezione da Covid-19 Wuhan
69%
622 Maometto è costretto a fuggire dalla Mecca, e ripara in questa altra città Medina
58%
1942-43 La fallita conquista di questa città da parte delle truppe tedesche è considerata uno dei punti di svolta della Seconda guerra mondiale Stalingrado
55%
587 a.C. I babilonesi distruggono questa città e ne deportano la popolazione in Mesopotamia Gerusalemme
45%
1492 Cristoforo Colomo salpa da questo porto spagnolo per il viaggio che lo porterà a scoprire le Americhe Palos de la Frontera
38%
768 Carlo Magno decide di rendere questa città la capitale del suo regno Aquisgrana
37%
1066 Presso questa cittadina si combatte la battaglia che segna l'inizio del dominio normanno sull'Inghilterra Hastings
33%
1517 Secondo la tradizione, Martin Lutero diede il via alla riforma protestante appendendo la sue novantacinque tesi alle porta della cattedrale di questa città Wittenberg
28%
Nessun quiz corrispondente trovato
Distribuzione punteggi
Percentuale di utenti per punteggio
Percentile per numero di risposta
I tuoi punteggi nel tempo
Non hai fatto questo quiz